The CSI specifications practice guide (Record no. 112608)

MARC details
000 -LEADER
fixed length control field 01871cam a22002895a 4500
001 - CONTROL NUMBER
control field L153610
008 - FIXED-LENGTH DATA ELEMENTS--GENERAL INFORMATION
fixed length control field 110809s2011 xxk f 000 0 eng d
020 ## - INTERNATIONAL STANDARD BOOK NUMBER
International Standard Book Number 9780470904855
035 ## - SYSTEM CONTROL NUMBER
System control number (Sirsi) u153610
041 0# - LANGUAGE CODE
Language code of text/sound track or separate title eng
110 2# - MAIN ENTRY--CORPORATE NAME
Corporate name or jurisdiction name as entry element Construction Specifications Institute
9 (RLIN) 5105
245 04 - TITLE STATEMENT
Title The CSI specifications practice guide
Medium [electronic resource]
260 ## - PUBLICATION, DISTRIBUTION, ETC.
Name of publisher, distributor, etc. John Wiley & Sons
Date of publication, distribution, etc. 2011
300 ## - PHYSICAL DESCRIPTION
Extent eBook
505 2# - FORMATTED CONTENTS NOTE
Formatted contents note 1 Practices -- 2 Language -- 3 Methods -- 4 Formats -- 5 Agreements -- 6 Conditions -- 7 General Requirements -- 8 Coordinating Drawings and Specifications -- 9 Modifications -- 10 Master Guide Specifications -- 11 Shortform Specifications -- 12 Performance Specifying -- 13 Specifying for Purchase of Goods -- 14 Federal Agencies -- 15 Warranties -- 16 Construction Bonds -- 17 Construction Insurance
520 ## - SUMMARY, ETC.
Summary, etc. The Specifications Practice Guide is focused on the roles and responsibilities of the specifications professional in meeting the challenges of the changing world of construction. In this volume, guidelines on topics like writing quality construction specifications and product selection are meshed with best practices for managing project information, working with Building Information Modeling (BIM) and Integrated Project Delivery, and writing sustainable design specifications. The companion web site contains a PDF of the full text of the book, CSI Glossary Documents, Format Documents, and CCA Forms.
590 ## - LOCAL NOTE (RLIN)
Local note KA NTK
650 24 - SUBJECT ADDED ENTRY--TOPICAL TERM
Topical term or geographic name entry element BUILDING INFORMATION MODELLING
650 24 - SUBJECT ADDED ENTRY--TOPICAL TERM
Topical term or geographic name entry element BIM
9 (RLIN) 6219
650 24 - SUBJECT ADDED ENTRY--TOPICAL TERM
Topical term or geographic name entry element EBOOK
651 #4 - SUBJECT ADDED ENTRY--GEOGRAPHIC NAME
Geographic name INTERNATIONAL
690 ## - LOCAL SUBJECT ADDED ENTRY--TOPICAL TERM (OCLC, RLIN)
Topical term or geographic name as entry element BUILT ENVIRONMENT-BUILDING COSTS
690 ## - LOCAL SUBJECT ADDED ENTRY--TOPICAL TERM (OCLC, RLIN)
Topical term or geographic name as entry element MANAGEMENT-BUSINESS MANAGEMENT-FINANCIAL MANAGEMENT
690 ## - LOCAL SUBJECT ADDED ENTRY--TOPICAL TERM (OCLC, RLIN)
Topical term or geographic name as entry element BIM
9 (RLIN) 6219
856 40 - ELECTRONIC LOCATION AND ACCESS
Uniform Resource Identifier <a href="https://www.vlebooks.com/">https://www.vlebooks.com/</a>
Public note View on VLEbooks. Logins for members only from [email protected]
942 ## - ADDED ENTRY ELEMENTS (KOHA)
Suppress in OPAC 0
Holdings
Withdrawn status Lost status Source of classification or shelving scheme Damaged status Not for loan Home library Current library Shelving location Date acquired Total Checkouts Full call number Barcode Date last seen Copy number Price effective from Koha item type
    Dewey Decimal Classification     Virtual Virtual Online 09/08/2011   EBOOK 153610-1001 06/08/2019 1 06/08/2019 Book